000 00434nam a2200145Ia 4500
008 230917s9999||||xx |||||||||||||| ||und||
040 _e80294
_aMAIN
041 _aEnglish
082 _a342 W893W
100 _aResearch Board
245 0 _aWorld constitutions: government & politics of Sweden, New Zeland, Ethiopia, Morocco, Netherlands, Czechoslovakia, v2
260 _aDelhi
_bResearch Board
300 _aii, 122 p.
942 _cBK
999 _c58858
_d58858